000 00426nam a2200181Ia 4500
001 16761
005 20260306170334.0
008 260306t1997||||xx |||||||||||||| ||und||
041 _aESP
082 _a349.82
_bL42
100 _aLeiva, Alberto David
_eAUT
245 0 _aLecturas e ideas jurídicas
260 _c1997
300 _a185 páginas :
_c22 cm.
650 _aGEN
654 _aCDE
942 _cLIB
_dJUS
_fJUS
_2ddc
_n
999 _c16761
_d16761